З подорожі 1981 (Запис № 572658)

МАРК-запис
000 -Лідер
fixed length control field 00780 a2200241 4500
001 - Контрольний номер
control field 216222523
003 - Ідентифікатор контрольного номера
control field UA-OsUOA
005 - Дата та час останнього входження (трансакції)
control field 20220706100952.0
008 - Елементи даних фіксованої довжини – загальна інформація
fixed length control field 220622b un ||||| |||| 00| 0 ukr d
040 ## - Джерело каталогізації
Агенція оригінальної каталогізації UA-OsUOA
Мова каталогізації ukr
Агенція, яка здійснювала перезапис UA-OsUOA
Агенція, яка здійснювала модифікацію UA-OsUOA
041 ## - Код мови
Код мови тексту/ звукової доріжки чи окремого заголовка (П) ukr
080 ## - Індекс Універсальної десяткової класифікації
Індекс Універсальної десяткової класифікації (УДК) (НП) 82-31
090 ## - Локальний шифр розміщення
Класифікаційний індекс УДК 82-31
Авторський знак (НП) Р83
100 ## - Основне введення – ім’я особи
Ім’я особи (НП) Рудницький Яр.
245 ## - Відомості про назву
Назва (НП) З подорожі 1981
Дані про відповідальність (НП) Яр. Рудницький
260 ## - Публікація, розповсюдження і т.п. (Вихідні дані)
Дата публікації, розповсюдження і т.п. (П) 1981
Ім’я/ наймення видавництва, розповсюджувача і т.п. (П) Накладом автора
300 ## - Фізичний опис
Обсяг 64 с.
490 ## - Область серії
Назва серії Ukrainica Exiliana (No 11)
650 ## - Додаткове предметне введення – тематичний термін
Джерело заголовка чи терміна UDC
Тематичний термін чи географічна назва, як елемент введення (НП) 82-31 Художня література
942 ## - Додаткові елементи входу (Коха)
Тип елемента Koha Книги
Source of classification or shelving scheme Universal Decimal Classification
955 ## - Код типу видання за змістом
Код типу видання за змістом (НП) Літературно-художні видання
Фонди
Стан вилучень Стан втрат Джерело класифікації або схеми стелажів Стан уражень Не для кредиту Постійне місце розташування Поточне розміщення Дата придбання Джерело придбання Вартість, звичайна ціна покупки Інвентарний номер Усього замовленно Повний номер виклику Штрих-код Дата останнього перегляду Ціна ефективна від Тип елемента Koha
    Universal Decimal Classification     Наукова бібліотека ІДУД Наукова бібліотека ІДУД 22/06/2022 Акт надходження № 2 (22.02.2022, загальний) 1.00 2140269   82-31 Р83 2140269 22/06/2022 22/06/2022 Книги